Rastiem zdravo pracovný zošit : vzdelávacia oblasť III. Človek a príroda, IV. Človek a spoločnosť, V. Človek a svet práce, VII. Zdravie a pohyb (moje telo, zdravie, hygiena, šport, výživa, doprava, ekológia, etika) Zošit 8/9

Bibliographic Details
Main Author: Nováková, Mária (Author)
Format: Book
Language:Slovak
PhysicalDescription:32 s. ilustr. 30 cm
Published: Košice NOMILAND 2017
ISBN:9788089365951
Subjects:

MARC

LEADER 00000cam a2200000 a 4500
001 vtls011708395
003 SK-MaSNL
005 20260506072651.0
008 240318s2017 xo a a n 000 0 slo
015 |a SNBA2017/10 
020 |a 9788089365951  |q (brož.) 
040 |a SNK  |b slo  |c SNK  |e AACR2 
041 0 |a slo 
044 |a xo  |c SK 
072 7 |a 373.2/.3  |x Predškolská a primárna výchova a vzdelávanie  |2 konspekt 
072 7 |a 0/9-053.2  |x Literatúra pre deti a mládež (náučná)  |2 konspekt 
080 |a 316.346.32-053.4  |2 2011 
080 |a 373.2  |2 2011 
080 |a 796/799  |2 2011 
080 |a 502.2  |2 2011 
080 |a 613/614  |2 2011 
080 |a 316.3/.6  |2 2011 
080 |a (0.05)  |2 2011 
080 |a (076.1)  |2 2011 
100 1 |a Nováková, Mária  |4 aut  |9 272673 
245 1 0 |a Rastiem zdravo  |b pracovný zošit : vzdelávacia oblasť III. Človek a príroda, IV. Človek a spoločnosť, V. Človek a svet práce, VII. Zdravie a pohyb (moje telo, zdravie, hygiena, šport, výživa, doprava, ekológia, etika)  |n Zošit 8/9  |c [autor: Mária Nováková] 
246 3 0 |a Vzdelávacia oblasť III. Človek a príroda, IV. Človek a spoločnosť, V. Človek a svet práce, VII. Zdravie a pohyb (moje telo, zdravie, hygiena, šport, výživa, doprava, ekológia, etika) 
260 |a Košice  |b NOMILAND  |c 2017 
300 |a 32 s.  |b ilustr.  |c 30 cm 
500 |a Názov z obalu 
500 |a Recenzovaný a vypracovaný v súlade so Štátnym vzdelávacím programom pre predprimárne vzdelávanie v materských školách platného od 1. septembra 2016, podľa pracovného zošita schváleného Ministrstvom školstva, vedy, výskumu a športu Slovenskej republiky pod číslom 2016-15934/37126:10-100C 
504 |a Bibliografické odkazy ; poznámka 
521 1 |a 5-6 rokov 
650 0 7 |a deti predškolského veku  |2 SNKPH  |9 4103 
650 0 7 |a predškolská výchova  |2 SNKPH  |9 3959 
650 0 7 |a zdravie  |2 SNKPH  |9 16322 
650 0 7 |a šport  |2 SNKPH  |9 1042 
650 0 7 |a človek a spoločnosť  |2 SNKPH  |9 4102 
650 0 7 |a Preschool children  |2 SNKPHeng  |9 306219 
650 0 7 |a príroda  |2 SNKPH  |9 3813 
650 0 7 |a Preschool education  |2 SNKPHeng  |9 267868 
650 0 7 |a Health  |2 SNKPHeng  |9 265749 
650 0 7 |a šport  |2 SNKPHeng  |9 1042 
650 0 7 |a Nature  |2 SNKPHeng  |9 267314 
650 0 7 |a Man and society  |2 SNKPHeng  |9 268434 
655 7 |a publikácie pre deti  |2 SNKPH  |9 70148 
655 7 |a pracovné zošity  |2 SNKPH  |9 70188 
655 7 |a Children's literature  |2 SNKPHeng  |9 276039 
655 7 |a Activity books  |2 SNKPHeng  |9 302885 
852 |a Štátna vedecká knižnica v Banskej Bystrici 
919 |a 978-80-89365-95-1 
958 |a NB 
999 |c 855345  |d 857275 
952 |a SNK  |b SNK  |y PREZ  |7 0  |p 17A1271699  |o snkOSB 18873/8/9  |i snk2017/19861  |8 0  |0 0  |1 0  |4 0  |d 2017-09-11  |l 0  |r 2026-02-24 04:54:45  |w 2026-02-24 
952 |a SNK  |b SNK  |y VYP  |7 0  |p 17A1271700  |o snkOSB 18873/8/9 D1  |i snk2017/19862  |8 0  |0 0  |1 0  |4 0  |d 2017-09-11  |l 0  |r 2026-02-24 04:54:45  |w 2026-02-24